[Event "Podgorica Zeta CC-ch"]
[Site "Podgorica"]
[Date "2016.01.20"]
[Round "7"]
[White "Jankovic, Slobodan"]
[Black "Mandic, Stefan"]
[Result "0-1"]
[WhiteElo "1811"]
[BlackElo "1782"]
[PlyCount "284"]
[EventDate "2016.01.15"]
[EventType "tourn"]
[EventRounds "9"]
[EventCountry "MNE"]
[SourceTitle "CBM 170 Extra"]
[Source "ChessBase"]
[SourceDate "2016.02.25"]
[SourceVersion "1"]
[SourceVersionDate "2016.02.25"]
[SourceQuality "1"]

1. e4 e5 2. Nf3 Nc6 3. Bb5 d6 4. 0-0 Nf6 5. Re1 Bd7 6. h3 Be7 7. c3 0-0 8. d4 a6 9. Ba4 h6 10. Nbd2 Qc8 11. Nf1 b5 12. Bc2 Qb7 13. Ng3 Rfe8 14. d5 Na7 15. Bd2 Rad8 16. Qc1 Bf8 17. Nh4 c6 18. dxc6 Nxc6 19. Nhf5 Bxf5 20. Nxf5 Ne7 21. Nxe7+ Rxe7 22. Qb1 Ree8 23. a4 d5 24. exd5 Nxd5 25. Be4 Qc7 26. Qc2 Nb4 27. Qc1 Nd3 28. Bxd3 Rxd3 29. Be3 Red8 30. Qc2 b4 31. Rac1 bxc3 32. bxc3 Qc4 33. Bb6 R8d5 34. a5 Ba3 35. Rb1 Rxc3 36. Qf5 g6 37. Qf6 Qc6 38. Qh4 Bf8 39. Be3 Rc4 40. Qg3 Rb5 41. Ra1 f5 42. Bb6 Rc3 43. Qh4 Rd5 44. f3 Rc2 45. Red1 Rdd2 46. Rxd2 Rxd2 47. Be3 g5 48. Bxg5 Rd4 49. Qg3 hxg5 50. Qxg5+ Bg7 51. Qxf5 Qd7 52. Qg6 Rd6 53. Qc2 e4 54. Rb1 exf3 55. Rb8+ Bf8 56. Qb3+ Qf7 57. gxf3 Qxb3 58. Rxb3 Rd5 59. Rb8 Rxa5 60. Ra8 Ra2 61. h4 Kf7 62. f4 Bc5+ 63. Kf1 a5 64. h5 Bb4 65. h6 Rh2 66. Ra6 Kg8 67. f5 Kh7 68. f6 Rxh6 69. Ke2 Kg8 70. f7+ Kg7 71. f8Q+ Bxf8 72. Rxa5 Rb6 73. Rd5 Kf6 74. Kf3 Bd6 75. Ke4 Ke6 76. Rh5 Rb4+ 77. Kd3 Be5 78. Rh1 Kd5 79. Rh5 Rb3+ 80. Kc2 Rf3 81. Rg5 Ke4 82. Rg8 Rf2+ 83. Kb3 Rb2+ 84. Kc4 Rc2+ 85. Kb5 Kd5 86. Rg5 Rb2+ 87. Ka4 Kd4 88. Rh5 Kc4 89. Ka5 Bd4 90. Ka6 Rb6+ 91. Ka5 Rb7 92. Rh6 Ra7+ 93. Ra6 Rb7 94. Rg6 Rb1 95. Ka6 Kd5 96. Ka5 Bc5 97. Rg5+ Kc6 98. Rg6+ Bd6 99. Ka4 Rb4+ 100. Ka5 Rb3 101. Rg4 Be7 102. Re4 Ra3+ 103. Ra4 Re3 104. Rg4 Kc5 105. Ka6 Kc6 106. Ka5 Kc5 107. Ka6 Rb3 108. Rf4 Bd6 109. Rf5+ Kc6 110. Rg5 Rb8 111. Rg7 Rb5 112. Rg6 Rf5 113. Rh6 Rg5 114. Rf6 Rg4 115. Rf5 Be7 116. Re5 Rg3 117. Rh5 Ra3+ 118. Ra5 Rb3 119. Rh5 Rb8 120. Rh6+ Bd6 121. Rh7 Rg8 122. Rf7 Rh8 123. Rg7 Ra8+ 124. Ra7 Rg8 125. Rh7 Rf8 126. Rg7 Rh8 127. Rf7 Rh3 128. Rf5 Be7 129. Re5 Ra3+ 130. Ra5 Rd3 131. Re5 Bf8 132. Rf5 Rd8 133. Rf7 Re8 134. Rh7 Rd8 135. Rf7 Ra8+ 136. Ra7 Re8 137. Rh7 Rc8 138. Rf7 Rd8 139. Rh7 Re8 140. Rf7 Be7 141. Ka7 Bc5+ 142. Ka6 Ra8+ 0-1

[Event "Podgorica"]
[Site "Podgorica"]
[Date "2013.01.25"]
[Round "8"]
[White "Tomic, Aleksandar"]
[Black "Jankovic, Slobodan"]
[Result "1-0"]
[WhiteElo "1918"]
[BlackElo "1846"]
[PlyCount "87"]
[EventDate "2013.01.18"]
[EventType "tourn"]
[EventRounds "9"]
[EventCountry "MNE"]
[SourceTitle "EXT 2014"]
[Source "ChessBase"]
[SourceDate "2013.11.20"]
[SourceVersion "1"]
[SourceVersionDate "2013.11.20"]
[SourceQuality "1"]

1. Nf3 Nf6 2. g3 Nc6 3. Bg2 e5 4. d3 Bc5 5. 0-0 d6 6. c3 Bd7 7. e4 Qc8 8. d4 Bb6 9. Re1 Bh3 10. Na3 Bxg2 11. Kxg2 h6 12. Nc4 exd4 13. cxd4 0-0 14. Nxb6 axb6 15. Bf4 Nh5 16. Bd2 Nf6 17. Bc3 Re8 18. Qc2 Qg4 19. h3 Qh5 20. d5 Nxd5 21. exd5 Qxd5 22. a3 Ne5 23. Bxe5 dxe5 24. Rad1 Qb5 25. Qe2 Qxe2 26. Rxe2 f6 27. Rd7 Rac8 28. Rc2 Kf8 29. Rcxc7 Rxc7 30. Rxc7 Re7 31. Rxe7 Kxe7 32. Nd2 Ke6 33. Kf3 f5 34. Ke3 g5 35. g4 Kf6 36. Nc4 b5 37. Nd6 f4+ 38. Ke4 b4 39. a4 Ke6 40. Nxb7 Kd7 41. a5 Kc6 42. a6 Kb6 43. Nc5 Kxc5 44. a7 1-0

[Event "Podgorica"]
[Site "Podgorica"]
[Date "2013.01.22"]
[Round "5"]
[White "Jankovic, Slobodan"]
[Black "Vukcevic, Branimir"]
[Result "1/2-1/2"]
[WhiteElo "1846"]
[BlackElo "1889"]
[PlyCount "157"]
[EventDate "2013.01.18"]
[EventType "tourn"]
[EventRounds "9"]
[EventCountry "MNE"]
[SourceTitle "EXT 2014"]
[Source "ChessBase"]
[SourceDate "2013.11.20"]
[SourceVersion "1"]
[SourceVersionDate "2013.11.20"]
[SourceQuality "1"]

1. e4 c5 2. Nf3 Nc6 3. d4 cxd4 4. Nxd4 e5 5. Nb5 d6 6. N1c3 a6 7. Na3 Nf6 8. Bg5 Be7 9. Bxf6 gxf6 10. Nd5 b5 11. c3 Be6 12. Nc2 Bxd5 13. Qxd5 Rc8 14. Ne3 Qd7 15. Be2 Nd8 16. a4 Rc5 17. Qb3 0-0 18. axb5 axb5 19. Rd1 Nb7 20. Nf5 Kh8 21. 0-0 Rg8 22. Kh1 Bf8 23. Ra1 Qe6 24. c4 Nd8 25. Ra6 bxc4 26. Qa4 c3 27. b4 Rc8 28. Bd3 Rg5 29. b5 Rxf5 30. exf5 Qd5 31. Bc2 Rb8 32. b6 Qc6 33. Rb1 d5 34. f3 Bc5 35. Qb3 Bd4 36. Qb4 Kg7 37. h3 Nb7 38. Ra7 Nd6 39. Ra6 Nc4 40. Bd3 Nxb6 41. Bc2 Qc7 42. Qb5 Nd7 43. Qe2 Qc4 44. Qxc4 Rxb1+ 45. Bxb1 dxc4 46. Rc6 Nb6 47. Rxb6 Bxb6 48. g4 Kf8 49. Kg2 Ke7 50. Kf1 Kd6 51. Ke2 Kc5 52. Kd1 Kd4 53. Be4 Ke3 54. Kc2 Bd4 55. Bd5 Kf4 56. Be4 h6 57. Bd5 Kg3 58. Kd1 Kxh3 59. Bxf7 e4 60. Bd5 exf3 61. Bxf3 Kg3 62. Be2 Kf4 63. Kc2 h5 64. gxh5 Kxf5 65. Bxc4 Kg5 66. Bf7 f5 67. Bg6 Bh8 68. Kd1 Kf4 69. Ke2 Bg7 70. Bf7 Kg5 71. Bg6 Kg4 72. Bf7 f4 73. Bg6 f3+ 74. Kf2 Kf4 75. Bb1 Bd4+ 76. Kf1 Kg5 77. Bg6 Kf4 78. Bb1 Ke3 79. h6 1/2-1/2

[Event "MNT-ch sf"]
[Site "Cetinje"]
[Date "2012.06.27"]
[Round "3"]
[White "Jeknic, Velimir"]
[Black "Jankovic, Slobodan"]
[Result "1-0"]
[WhiteElo "1902"]
[BlackElo "1839"]
[PlyCount "67"]
[EventDate "2012.06.26"]
[EventType "swiss"]
[EventRounds "7"]
[EventCountry "MNE"]
[SourceTitle "EXT 2013"]
[Source "ChessBase"]
[SourceDate "2012.11.22"]
[SourceVersion "1"]
[SourceVersionDate "2012.11.22"]
[SourceQuality "1"]

1. e4 c5 2. c3 d5 3. e5 e6 4. d4 cxd4 5. cxd4 Nc6 6. Nf3 h6 7. Nc3 a6 8. Bd3 Bb4 9. 0-0 Nge7 10. Ne2 Bd7 11. Be3 Rb8 12. Ng3 Nf5 13. Bxf5 exf5 14. Nh5 0-0 15. Qc1 Rc8 16. Bxh6 Nxd4 17. Qe3 Nc2 18. Qb3 Nxa1 19. Rxa1 Be7 20. Bxg7 Rc4 21. Qe3 f4 22. Qd3 Bb5 23. Rd1 Rc1 24. Qd2 Rxd1+ 25. Qxd1 Re8 26. Bf6 Qc8 27. Ng5 Qf5 28. Ng7 Qg6 29. Nxe8 Bxf6 30. Nxf6+ Kg7 31. h4 Bc6 32. Qh5 d4 33. Qg4 f3 34. h5 1-0

[Event "Podgorica"]
[Site "Podgorica"]
[Date "2012.01.19"]
[Round "7"]
[White "Vukcevic, Branimir"]
[Black "Jankovic, Slobodan"]
[Result "1/2-1/2"]
[WhiteElo "1932"]
[BlackElo "1847"]
[PlyCount "73"]
[EventDate "2012.01.14"]
[EventType "tourn"]
[EventRounds "9"]
[EventCountry "MNE"]
[SourceTitle "EXT 2014"]
[Source "ChessBase"]
[SourceDate "2013.11.20"]
[SourceVersion "1"]
[SourceVersionDate "2013.11.20"]
[SourceQuality "1"]

1. e4 c5 2. Nf3 d6 3. d4 cxd4 4. Nxd4 Nf6 5. Nc3 g6 6. Be2 Bg7 7. Be3 0-0 8. 0-0 Nc6 9. f4 Bd7 10. Bf3 Rc8 11. Rc1 Qa5 12. Nb3 Qd8 13. Nb5 a6 14. N5d4 e5 15. Ne2 Be6 16. c3 Ng4 17. Bxg4 Bxg4 18. h3 Bxe2 19. Qxe2 exf4 20. Bxf4 Ne5 21. Nd4 Qa5 22. b3 b5 23. Rfd1 Rfe8 24. Kh2 Qb6 25. Nf3 Nxf3+ 26. gxf3 Be5 27. Bxe5 Rxe5 28. Rd4 Rce8 29. Qd2 R5e6 30. c4 bxc4 31. Rcxc4 f5 32. Kg3 fxe4 33. Rxe4 Rxe4 34. fxe4 Qg1+ 35. Kh4 Re5 36. Rc8+ Kg7 37. Rc7+ 1/2-1/2

[Event "Podgorica"]
[Site "Podgorica"]
[Date "2012.01.14"]
[Round "1"]
[White "Jankovic, Slobodan"]
[Black "Vukcevic, Milenko"]
[Result "1-0"]
[WhiteElo "1847"]
[BlackElo "1611"]
[PlyCount "73"]
[EventDate "2012.01.14"]
[EventType "tourn"]
[EventRounds "9"]
[EventCountry "MNE"]
[SourceTitle "EXT 2014"]
[Source "ChessBase"]
[SourceDate "2013.11.20"]
[SourceVersion "1"]
[SourceVersionDate "2013.11.20"]
[SourceQuality "1"]

1. e4 d6 2. d4 Nf6 3. Nc3 g6 4. f3 Bg7 5. Be3 a5 6. Qd2 a4 7. Bc4 c6 8. a3 Qa5 9. Nge2 b5 10. Ba2 0-0 11. Bh6 Nbd7 12. Bxg7 Kxg7 13. 0-0 Ba6 14. Rfe1 Rfd8 15. Nb1 Qb6 16. Kh1 e5 17. c3 c5 18. d5 c4 19. Qg5 h6 20. Qc1 Nc5 21. Qe3 Qc7 22. Nc1 Nh5 23. g3 Qd7 24. Nd2 Rf8 25. Bb1 g5 26. Ne2 Rae8 27. f4 Nd3 28. Bxd3 cxd3 29. Qxd3 exf4 30. gxf4 Rh8 31. Rg1 f6 32. Raf1 Ref8 33. Nd4 Kf7 34. Ne6 Rfg8 35. e5 Nxf4 36. Nxf4 gxf4 37. e6+ 1-0

[Event "Podgorica Zeta CC-ch 12th"]
[Site "Podgorica"]
[Date "2010.01.27"]
[Round "8"]
[White "Jeknic, Velimir"]
[Black "Jankovic, Slobodan"]
[Result "1/2-1/2"]
[WhiteElo "1878"]
[BlackElo "1871"]
[PlyCount "110"]
[EventDate "2010.01.20"]
[EventType "tourn"]
[EventRounds "9"]
[EventCountry "MNE"]
[SourceTitle "EXT 2012"]
[Source "ChessBase"]
[SourceDate "2011.11.24"]
[SourceVersion "1"]
[SourceVersionDate "2011.11.24"]
[SourceQuality "1"]

1. e4 c5 2. Nf3 d6 3. Bc4 e6 4. d3 Nc6 5. c3 Nf6 6. Bg5 Be7 7. a4 a6 8. Na3 d5 9. exd5 exd5 10. Bb3 0-0 11. h3 h6 12. Bf4 Bd6 13. Bxd6 Qxd6 14. 0-0 Bf5 15. d4 c4 16. Bc2 Bxc2 17. Nxc2 b5 18. Re1 b4 19. Ne5 bxc3 20. bxc3 a5 21. Na3 Na7 22. Qf3 Rab8 23. Nc2 Rb3 24. Rec1 Nc6 25. Nxc6 Qxc6 26. Ne3 g6 27. Qf4 Kg7 28. g4 Rd8 29. h4 Qd6 30. Qf3 Qe6 31. Re1 Qd7 32. Rac1 h5 33. g5 Ng4 34. Nxg4 Qxg4+ 35. Qxg4 hxg4 36. Kg2 Ra3 37. Kg3 Rxa4 38. Ra1 Rxa1 39. Rxa1 Ra8 40. Kxg4 a4 41. Kf4 a3 42. Ra2 f6 43. f3 Kf7 44. Kg4 Ra6 45. f4 f5+ 46. Kg3 Ra5 47. Kh3 Rb5 48. Rxa3 Rb3 49. Ra7+ Ke6 50. Ra6+ Kf7 51. h5 Rxc3+ 52. Kh4 gxh5 53. Ra7+ Kg6 54. Ra6+ Kg7 55. Ra7+ Kg6 1/2-1/2

[Event "Podgorica Zeta CC-ch 12th"]
[Site "Podgorica"]
[Date "2010.01.23"]
[Round "4"]
[White "Stamatovic, Vladimir"]
[Black "Jankovic, Slobodan"]
[Result "1/2-1/2"]
[WhiteElo "1880"]
[BlackElo "1871"]
[PlyCount "103"]
[EventDate "2010.01.20"]
[EventType "tourn"]
[EventRounds "9"]
[EventCountry "MNE"]
[SourceTitle "EXT 2012"]
[Source "ChessBase"]
[SourceDate "2011.11.24"]
[SourceVersion "1"]
[SourceVersionDate "2011.11.24"]
[SourceQuality "1"]

1. e4 e6 2. d4 d5 3. Nd2 Nf6 4. e5 Nfd7 5. Nb3 c5 6. f4 Nc6 7. Nf3 Be7 8. c4 dxc4 9. Bxc4 Nb6 10. Bb5 c4 11. Na5 Bb4+ 12. Bd2 Bxa5 13. Bxc6+ bxc6 14. Bxa5 0-0 15. 0-0 Qd5 16. Bc3 Bb7 17. Qc2 h6 18. Nh4 c5 19. Rad1 Rad8 20. Rd2 Rd7 21. a3 Rfd8 22. Kh1 cxd4 23. Rxd4 Qc6 24. Rxd7 Qxd7 25. f5 Qd3 26. Qf2 exf5 27. Nxf5 Nd5 28. Nd6 Rd7 29. Bd4 c3 30. bxc3 Nxc3 31. Nxf7 Rxd4 32. Nxh6+ Kh7 33. Nf5 Qxf1+ 34. Qxf1 Rd1 35. Qxd1 Nxd1 36. e6 Nf2+ 37. Kg1 Ne4 38. g4 g6 39. Nd4 Nd6 40. Kf2 Kg7 41. g5 Kf8 42. Kg3 Ke7 43. h4 Nf5+ 44. Nxf5+ gxf5 45. Kf4 Kxe6 46. h5 Be4 47. h6 Kf7 48. h7 Kg7 49. g6 Bc2 50. Ke5 a5 51. Kf4 a4 52. Ke5 1/2-1/2

[Event "Podgorica Rating"]
[Site "Podgorica"]
[Date "2010.01.17"]
[Round "8"]
[White "Stamatovic, Vladimir"]
[Black "Jankovic, Slobodan"]
[Result "0-1"]
[WhiteElo "1880"]
[BlackElo "1871"]
[PlyCount "134"]
[EventDate "2010.01.11"]
[EventType "tourn"]
[EventRounds "9"]
[EventCountry "MNE"]
[SourceTitle "EXT 2012"]
[Source "ChessBase"]
[SourceDate "2011.11.24"]
[SourceVersion "1"]
[SourceVersionDate "2011.11.24"]
[SourceQuality "1"]

1. Nf3 Nf6 2. c4 e6 3. Nc3 d5 4. d4 Be7 5. Bg5 0-0 6. e3 h6 7. Bh4 b6 8. Rc1 Bb7 9. cxd5 Nxd5 10. Bg3 Nxc3 11. bxc3 Nd7 12. Bd3 Nf6 13. 0-0 Rc8 14. Nd2 c5 15. Qa4 Ra8 16. Bb1 Bd6 17. Bh4 Be7 18. Qc2 g6 19. Bg3 Qd7 20. f3 Nh5 21. Bf2 Ng7 22. Ne4 f5 23. Nd2 b5 24. Rfe1 Rac8 25. Nb3 c4 26. Nd2 a5 27. e4 Bg5 28. h4 Bf6 29. Rcd1 Qf7 30. Nf1 f4 31. e5 Be7 32. Qxg6 Qxg6 33. Bxg6 Nf5 34. Bxf5 Rxf5 35. Rb1 Ba6 36. Nd2 Rh5 37. Ne4 Kf7 38. Kh2 Rg8 39. Rh1 b4 40. Kg1 Rb8 41. Be1 b3 42. a4 Bb7 43. Nd2 Bd5 44. g4 fxg3 45. Bxg3 Rg8 46. Kf2 Ke8 47. Rh2 Rf8 48. Ke3 Kd7 49. Ne4 Rhf5 50. Rf2 h5 51. f4 Bxe4 52. Kxe4 Kc6 53. Rd2 Bxh4 54. Bh2 Rd8 55. d5+ Kc7 56. d6+ Kd7 57. Rg2 Rf7 58. Bg1 Rdf8 59. Be3 Bd8 60. Rbg1 h4 61. Rg7 h3 62. Bc1 Bb6 63. Rxf7+ Rxf7 64. Rh1 Rh7 65. f5 Rh4+ 66. Kf3 exf5 67. Rd1 h2 0-1

[Event "Podgorica Rating"]
[Site "Podgorica"]
[Date "2010.01.12"]
[Round "2"]
[White "Jankovic, Slobodan"]
[Black "Stojanovic, Blazo"]
[Result "1-0"]
[WhiteElo "1871"]
[BlackElo "1701"]
[PlyCount "137"]
[EventDate "2010.01.11"]
[EventType "tourn"]
[EventRounds "9"]
[EventCountry "MNE"]
[SourceTitle "EXT 2012"]
[Source "ChessBase"]
[SourceDate "2011.11.24"]
[SourceVersion "1"]
[SourceVersionDate "2011.11.24"]
[SourceQuality "1"]

1. e4 d5 2. exd5 Qxd5 3. Nc3 Qa5 4. d4 c6 5. Nf3 Nf6 6. Bd2 Qc7 7. Bd3 e6 8. Qe2 b5 9. 0-0 Be7 10. Rac1 0-0 11. Ne5 Nbd7 12. Ng4 Nxg4 13. Qxg4 f5 14. Qf3 Bb7 15. Qe2 e5 16. dxe5 Qxe5 17. Qf3 Qf6 18. Rfe1 Ne5 19. Qe2 Nxd3 20. cxd3 Rfe8 21. Qf3 a6 22. Bf4 Qf7 23. Be5 g6 24. a3 Bf6 25. Qg3 Bxe5 26. Rxe5 Rxe5 27. Qxe5 Re8 28. Qc5 Qe7 29. Qxe7 Rxe7 30. Kf1 a5 31. Ne2 c5 32. Rxc5 a4 33. Rxb5 Bxg2+ 34. Kxg2 Rxe2 35. Rb4 Kf7 36. Kf3 Rc2 37. h4 h6 38. d4 g5 39. hxg5 hxg5 40. Ke3 f4+ 41. Kf3 Kf6 42. Rb5 Rd2 43. Kg4 Rxf2 44. Rb6+ Ke7 45. Kxg5 f3 46. Kf4 Rd2 47. Kxf3 Rxd4 48. Ke3 Rh4 49. Kd3 Kd7 50. Kc3 Rh5 51. Kb4 Rh4+ 52. Ka5 Kc7 53. Rb4 Rh8 54. Kxa4 Ra8+ 55. Kb3 Kc6 56. Rh4 Kb6 57. Kb4 Ka6 58. Rh6+ Kb7 59. Kb5 Rc8 60. Rh7+ Ka8 61. b4 Kb8 62. a4 Ka8 63. a5 Kb8 64. a6 Ka8 65. Ka5 Rg8 66. b5 Rf8 67. Rh5 Re8 68. Rd5 Rg8 69. Kb6 1-0

[Event "Podgorica Zeta CC-ch 10th"]
[Site "Podgorica"]
[Date "2009.05.02"]
[Round "4"]
[White "Knezevic, Radomir"]
[Black "Jankovic, Slobodan"]
[Result "1-0"]
[WhiteElo "1955"]
[BlackElo "1908"]
[PlyCount "83"]
[EventDate "2009.04.30"]
[EventType "swiss"]
[EventRounds "7"]
[EventCountry "MNE"]
[SourceTitle "EXT 2020"]
[Source "ChessBase"]
[SourceDate "2019.10.17"]
[SourceVersion "1"]
[SourceVersionDate "2019.10.17"]
[SourceQuality "1"]

1. d4 f5 2. Nf3 Nf6 3. e3 e6 4. Be2 Be7 5. 0-0 0-0 6. b3 d5 7. Bb2 c6 8. c4 Nbd7 9. Nbd2 Ne4 10. Qc2 g5 11. c5 g4 12. Ne1 Qe8 13. b4 Ndf6 14. a4 Qg6 15. b5 Bd7 16. Nd3 cxb5 17. Ne5 Qg5 18. axb5 h5 19. g3 h4 20. Nxe4 Nxe4 21. Nxd7 hxg3 22. fxg3 Qxe3+ 23. Kg2 Qh6 24. Qd3 Qh3+ 25. Kg1 Rf7 26. Bd1 Rh7 27. Qe2 Nxg3 28. Qxe6+ Kh8 29. Qe5+ Bf6 30. Qxg3 Bg5 31. Bc1 Bxc1 32. Qxh3 gxh3 33. Rxc1 Rg8+ 34. Kh1 Rxd7 35. Rxf5 Rh7 36. Bf3 Re8 37. Rxd5 Rh4 38. c6 bxc6 39. bxc6 Rf4 40. Rh5+ Kg7 41. Rxh3 a5 42. c7 1-0